Tổ quốc ta, nhân dân ta, sự nghiệp ta và người nghệ sĩ

Wedi'i Gadw mewn:
Manylion Llyfryddiaeth
Prif Awdur: Phạm Văn Đồng
Fformat: Llyfr
Iaith:Undetermined
Cyhoeddwyd: Hà Nội Văn học Giải phóng 1983
Pynciau:
Tagiau: Ychwanegu Tag
Dim Tagiau, Byddwch y cyntaf i dagio'r cofnod hwn!
Thư viện lưu trữ: Trung tâm Học liệu Trường Đại học Cần Thơ
LEADER 00569nam a2200169Ia 4500
001 CTU_46546
008 210402s9999 xx 000 0 und d
082 |a 802 
082 |b Đ455/1983 
100 |a Phạm Văn Đồng 
245 0 |a Tổ quốc ta, nhân dân ta, sự nghiệp ta và người nghệ sĩ 
245 0 |c Phạm Văn Đồng 
260 |a Hà Nội 
260 |b Văn học Giải phóng 
260 |c 1983 
650 |a vietnamese literature - history and criticism 
980 |a Trung tâm Học liệu Trường Đại học Cần Thơ